000 00478cam a2200193ua 4500
001 10145
008 170412n ii |||gr||||Z||||||eng
020 _a8186332375
040 _cMAIN
041 _aeng
082 _a808.51
100 _aKishore, B.R.,
_eAuthor.
245 _aThe art of public speaking
_cBy B.R. Kishore
260 _aNew Delhi:
_bNew light publishers.
300 _a188p.
653 _aRhetoric & collections of literature
653 _aMAIN
942 _cBK
999 _c9143
_d9143